| 000 | 00760nam a22002297a 4500 | ||
|---|---|---|---|
| 005 | 20170124105924.0 | ||
| 010 | _aB-127805 | ||
| 020 |
_c495.00 _a780761932871 |
||
| 035 | _aB-127805 | ||
| 037 | _bCen Lib/Ret | ||
| 040 |
_aDPL _bEN |
||
| 082 |
_a320.954 _bIND |
||
| 245 |
_aIndia and the politics of developing countries : _cedited by Ashutosh Varshney _bessays in memory of Myron Weiner / |
||
| 260 |
_aNew Delhi _bSage Publications _c2004 |
||
| 270 |
_bNew Delhi _aB-42, Panchsheel Enclave _e110017 |
||
| 300 |
_av,271p. _c23cm(Hb) |
||
| 500 | _aIncludes index | ||
| 650 |
_aPolitical Science -- India _972116 |
||
| 650 |
_aDemocratization -- India _95630 |
||
| 700 |
_aVarshney, Ashutosh _972117 |
||
| 942 |
_2ddc _cEN _h320.954 _mIND |
||
| 999 |
_c123365 _d123365 |
||